Entrevista al sociólogo y antropólogo Loic Wacquant : la marginalidad actual no se resuelve sólo con crecimiento y empleo (Registro nro. 490563)

Detalles MARC
001 - NÚMERO DE CONTROL
campo de control 1126525
005 - FECHA Y HORA DE LA ÚLTIMA TRANSACCIÓN
campo de control 20240624103945.0
008 - DATOS DE LONGITUD FIJA--INFORMACIÓN GENERAL
campo de control de longitud fija 090223s2008 spa
035 ## - NÚMERO DE CONTROL DEL SISTEMA
Número de control de sistema 1126525
035 ## - NÚMERO DE CONTROL DEL SISTEMA
Número de control de sistema (OCoLC)820455721
040 ## - FUENTE DE LA CATALOGACIÓN
Centro/agencia transcriptor comduadb
041 ## - CÓDIGO DE LENGUA
Código de lengua del texto/banda sonora o título independiente spa
100 10 - ENTRADA PRINCIPAL--NOMBRE DE PERSONA
Nombre de persona Bosoer, Fabian
Código de función ivr
Término indicativo de función/relación Entrevistador/a
9 (RLIN) 277331
245 10 - MENCIÓN DE TÍTULO
Título Entrevista al sociólogo y antropólogo Loic Wacquant : la marginalidad actual no se resuelve sólo con crecimiento y empleo
260 ## - PUBLICACIÓN, DISTRIBUCIÓN, ETC.
Fecha de publicación, distribución, etc. 2008.
650 ## - PUNTO DE ACCESO ADICIONAL DE MATERIA--TÉRMINO DE MATERIA
Término de materia o nombre geográfico como elemento de entrada Marginalidad social - América Latina
9 (RLIN) 44206
650 ## - PUNTO DE ACCESO ADICIONAL DE MATERIA--TÉRMINO DE MATERIA
Término de materia o nombre geográfico como elemento de entrada Crecimiento y desarrollo
9 (RLIN) 50587
650 ## - PUNTO DE ACCESO ADICIONAL DE MATERIA--TÉRMINO DE MATERIA
Término de materia o nombre geográfico como elemento de entrada Política de empleo - Paises en desarrollo
9 (RLIN) 119821
700 10 - ENTRADA AGREGADA--NOMBRE PERSONAL
Nombre de persona Wacquant, Loïc,
Fechas asociadas al nombre 1960-
Código de función ive
Número de control del registro de autoridad o número normalizado (isni)0000 0000 7143 2880
-- (viaf)172714622
Término indicativo de función/relación Entrevistado/a
9 (RLIN) 272078
773 0# - ENLACE AL DOCUMENTO FUENTE/ENTRADA DE REGISTRO ANFITRIÓN
Título Cuadernos del Cendes (Venezuela)
Parte(s) relacionada(s) Vol. 25, No. 67, Ene.-Abr. 2008, p. 125-128
Número de control del registro 944097
Número Internacional Normalizado para Publicaciones Seriadas 1012-2508
Número bibliográfico anfitrión 369281
942 ## - ELEMENTOS DE ENTRADA AGREGADA (KOHA)
Tipo de ítem Koha Artículo de Revista

No hay ítems disponibles.